[Event "Yerevan Asrian Memorial 11th"]
[Site "Yerevan"]
[Date "2018.06.23"]
[Round "3"]
[White "Shmavonyan, Areg"]
[Black "Hakobyan, Hovhannes H"]
[Result "1/2-1/2"]
[WhiteElo "2103"]
[BlackElo "2266"]
[PlyCount "64"]
[EventDate "2018.06.21"]
[EventType "swiss"]
[EventRounds "9"]
[EventCountry "ARM"]
[SourceTitle "CBM 185 Extra"]
[Source "ChessBase"]
[SourceDate "2018.07.29"]
[SourceVersion "1"]
[SourceVersionDate "2018.07.29"]
[SourceQuality "1"]

1. d4 Nf6 2. Nf3 g6 3. Bf4 Bg7 4. e3 0-0 5. Be2 d6 6. h3 c5 7. c3 cxd4 8. exd4 Qb6 9. Qb3 Be6 10. Qxb6 axb6 11. a3 Nc6 12. Nbd2 Nd5 13. Bg3 Nc7 14. 0-0 b5 15. Rfe1 Bd5 16. Bf1 Rae8 17. Rad1 f6 18. Bf4 f5 19. g3 e5 20. dxe5 dxe5 21. Be3 e4 22. Nh4 Rf7 23. Ng2 Ne5 24. Bf4 Bc6 25. Be2 Ne6 26. Be3 Rd7 27. Nb3 Red8 28. Rxd7 Rxd7 29. Nf4 Ng5 30. Rd1 Ngf3+ 31. Kf1 Rxd1+ 32. Bxd1 g5 1/2-1/2

[Event "EU-ch 19th"]
[Site "Batumi"]
[Date "2018.03.27"]
[Round "10"]
[White "Hakobyan, Hovhannes H"]
[Black "Bernotas, Arturs"]
[Result "0-1"]
[WhiteElo "2280"]
[BlackElo "2436"]
[PlyCount "110"]
[EventDate "2018.03.17"]
[EventType "swiss"]
[EventRounds "11"]
[EventCountry "GEO"]
[SourceTitle "CBM 184"]
[Source "ChessBase"]
[SourceDate "2018.05.16"]
[SourceVersion "1"]
[SourceVersionDate "2018.05.16"]
[SourceQuality "1"]

1. e4 c6 2. d4 d5 3. exd5 cxd5 4. c4 Nf6 5. Nc3 g6 6. Qb3 Bg7 7. cxd5 0-0 8. Nf3 Nbd7 9. Bg5 Nb6 10. Bxf6 Bxf6 11. Bb5 e6 12. d6 Bg7 13. Qa3 a6 14. Be2 Bd7 15. 0-0 Bc6 16. Rfe1 Nc8 17. Ne5 Qxd6 18. Qxd6 Nxd6 19. Nxc6 bxc6 20. Bf3 Rac8 21. Ne2 Nf5 22. g4 Nxd4 23. Nxd4 Bxd4 24. Rac1 c5 25. Rc2 a5 26. b3 Kg7 27. Kg2 e5 28. Bd5 f5 29. f3 Rcd8 30. Be6 Rf6 31. Bc4 fxg4 32. fxg4 Rdf8 33. Ree2 Rf1 34. h3 Rg1+ 35. Kh2 Rd1 36. Rcd2 Rxd2 37. Rxd2 e4 38. Re2 e3 39. Kg3 h5 40. gxh5 gxh5 41. Bd5 Rf5 42. Be6 Rf6 43. Bd7 Kf7 44. Kh4 c4 45. Kg3 c3 46. Kg2 Ke7 47. Bb5 h4 48. Bd3 Kd6 49. a3 Ke5 50. b4 axb4 51. axb4 Bb6 52. Bc2 Kd4 53. Bb1 Kc4 54. Bc2 Kxb4 55. Bd3 Rf2+ 0-1

[Event "EU-ch 19th"]
[Site "Batumi"]
[Date "2018.03.18"]
[Round "2"]
[White "Bologan, Viktor"]
[Black "Hakobyan, Hovhannes H"]
[Result "1-0"]
[WhiteElo "2600"]
[BlackElo "2280"]
[PlyCount "49"]
[EventDate "2018.03.17"]
[EventType "swiss"]
[EventRounds "11"]
[EventCountry "GEO"]
[SourceTitle "CBM 184"]
[Source "ChessBase"]
[SourceDate "2018.05.16"]
[SourceVersion "1"]
[SourceVersionDate "2018.05.16"]
[SourceQuality "1"]

1. d4 Nf6 2. c4 g6 3. Nc3 Bg7 4. e4 d6 5. Nge2 0-0 6. Ng3 c5 7. d5 e6 8. Be2 exd5 9. cxd5 a6 10. a4 Re8 11. 0-0 Nbd7 12. Bf4 Qe7 13. Qd2 Qf8 14. h3 h5 15. Bg5 Nh7 16. Bh4 Bh6 17. f4 Qg7 18. Kh1 b6 19. Rae1 Bb7 20. Bxh5 Qd4 21. Qc2 Qc4 22. e5 Bxd5 23. Bxg6 fxg6 24. Qxg6+ Bg7 25. Nf5 1-0

[Event "Moscow op-A 14th"]
[Site "Moscow"]
[Date "2018.02.03"]
[Round "8"]
[White "Sindarov, Javokhir"]
[Black "Hakobyan, Hovhannes H"]
[Result "1-0"]
[WhiteElo "2429"]
[BlackElo "2270"]
[PlyCount "123"]
[EventDate "2018.01.27"]
[EventType "swiss"]
[EventRounds "9"]
[EventCountry "RUS"]
[SourceTitle "CBM 182 Extra"]
[Source "ChessBase"]
[SourceDate "2018.02.23"]
[SourceVersion "1"]
[SourceVersionDate "2018.02.23"]
[SourceQuality "1"]

1. e4 e6 2. Qe2 Be7 3. g3 d5 4. d3 c5 5. Bg2 Nc6 6. Nf3 Nf6 7. 0-0 b5 8. exd5 exd5 9. d4 c4 10. Rd1 Be6 11. Ne5 Rc8 12. Bf4 0-0 13. a3 a5 14. c3 Re8 15. Nd2 Bf8 16. Re1 h6 17. Qd1 Bf5 18. Nf1 Nxe5 19. Bxe5 Ne4 20. Ne3 Bh7 21. Qg4 f6 22. Bf4 g5 23. f3 h5 24. Qxh5 gxf4 25. Nxd5 Nd6 26. Bh3 f5 27. Rxe8 Nxe8 28. Bxf5 Bxf5 29. Qxf5 Ng7 30. Qg4 fxg3 31. hxg3 Rc6 32. Nf4 Qc8 33. Qxc8 Rxc8 34. Re1 Bd6 35. Kf2 b4 36. axb4 axb4 37. Nd5 bxc3 38. bxc3 Rb8 39. Re2 Rb5 40. Nf6+ Kf7 41. Ne4 Bc7 42. Ra2 Ne6 43. Ra4 Rb2+ 44. Ke3 Bb6 45. Nd6+ Ke7 46. Nxc4 Rb3 47. Nxb6 Rxb6 48. g4 Rb1 49. Ke4 Rf1 50. Ra5 Kf6 51. Rf5+ Kg6 52. d5 Ng5+ 53. Ke3 Rc1 54. Kd4 Rd1+ 55. Kc5 Ra1 56. c4 Ra3 57. d6 Ne6+ 58. Kc6 Nd4+ 59. Kc7 Nxf5 60. gxf5+ Kxf5 61. d7 Ke5 62. d8Q 1-0

[Event "Moscow op-A 14th"]
[Site "Moscow"]
[Date "2018.02.02"]
[Round "7"]
[White "Salemgareev, Tagir"]
[Black "Hakobyan, Hovhannes H"]
[Result "0-1"]
[WhiteElo "2381"]
[BlackElo "2270"]
[PlyCount "82"]
[EventDate "2018.01.27"]
[EventType "swiss"]
[EventRounds "9"]
[EventCountry "RUS"]
[SourceTitle "CBM 182 Extra"]
[Source "ChessBase"]
[SourceDate "2018.02.23"]
[SourceVersion "1"]
[SourceVersionDate "2018.02.23"]
[SourceQuality "1"]

1. e4 e6 2. d4 d5 3. Nc3 Nf6 4. e5 Nfd7 5. f4 c5 6. Nf3 a6 7. Be3 Qb6 8. Na4 Qa5+ 9. c3 cxd4 10. b4 Qc7 11. Bxd4 Nc6 12. Be3 b5 13. Nb2 Ncxe5 14. Nxe5 Nxe5 15. fxe5 Qxc3+ 16. Qd2 Bxb4 17. Ke2 0-0 18. Rc1 Qa3 19. Qd4 a5 20. Bd2 Ba6 21. Bxb4 axb4 22. Nd3 Rac8 23. Rxc8 Rxc8 24. Qxb4 Qxa2+ 25. Kf3 Qa1 26. Qe1 Qa4 27. Nb4 Bb7 28. Be2 f6 29. exf6 Rf8 30. Qd2 Rxf6+ 31. Kg3 Rg6+ 32. Kh3 e5 33. Rc1 Qa8 34. g4 Qd8 35. Kg2 d4+ 36. Kg1 d3 37. Nxd3 Qd4+ 38. Kf1 Rf6+ 39. Bf3 Rxf3+ 40. Ke2 Qe4+ 41. Kd1 Rxd3 0-1

[Event "Moscow op-A 14th"]
[Site "Moscow"]
[Date "2018.01.27"]
[Round "1"]
[White "Hakobyan, Hovhannes H"]
[Black "Bocharov, Ivan"]
[Result "1/2-1/2"]
[WhiteElo "2270"]
[BlackElo "2534"]
[PlyCount "53"]
[EventDate "2018.01.27"]
[EventType "swiss"]
[EventRounds "9"]
[EventCountry "RUS"]
[SourceTitle "CBM 182 Extra"]
[Source "ChessBase"]
[SourceDate "2018.02.23"]
[SourceVersion "1"]
[SourceVersionDate "2018.02.23"]
[SourceQuality "1"]

1. e4 e5 2. Bc4 Nf6 3. d3 Nc6 4. Nc3 Na5 5. Qf3 Bb4 6. Nge2 d6 7. h3 Nxc4 8. dxc4 Be6 9. b3 Nd7 10. 0-0 c6 11. a3 Ba5 12. Qg3 g6 13. Rd1 Qe7 14. Nd5 cxd5 15. cxd5 Nf6 16. dxe6 fxe6 17. Qd3 Bb6 18. Be3 Bxe3 19. Qxe3 d5 20. exd5 exd5 21. f4 exf4 22. Qxe7+ Kxe7 23. Nxf4 Rhd8 24. Rd2 Rac8 25. Rad1 a6 26. Re1+ Kf7 27. Red1 1/2-1/2

[Event "Al Ain U20 op 1st"]
[Site "Al Ain"]
[Date "2018.01.04"]
[Round "8"]
[White "Hakobyan, Hovhannes H"]
[Black "Ghosh, Diptayan"]
[Result "0-1"]
[WhiteElo "2270"]
[BlackElo "2556"]
[PlyCount "78"]
[EventDate "2017.12.30"]
[EventType "swiss"]
[EventRounds "9"]
[EventCountry "UAE"]
[SourceTitle "CBM 182 Extra"]
[Source "ChessBase"]
[SourceDate "2018.02.23"]
[SourceVersion "1"]
[SourceVersionDate "2018.02.23"]
[SourceQuality "1"]

1. e4 e5 2. Nf3 Nc6 3. d4 exd4 4. Nxd4 Bc5 5. Nxc6 Qf6 6. Qf3 bxc6 7. Nd2 d6 8. Nb3 Bb6 9. a4 a5 10. Bd2 Qxf3 11. gxf3 Ne7 12. Be3 0-0 13. Bxb6 cxb6 14. 0-0-0 Rd8 15. Rg1 Kf8 16. Nd4 d5 17. exd5 Rxd5 18. Bc4 Rd8 19. Rge1 Bd7 20. b3 Nf5 21. Nxf5 Bxf5 22. c3 Rxd1+ 23. Rxd1 Ke7 24. Kd2 Be6 25. Re1 Rd8+ 26. Kc2 c5 27. Re4 Rd6 28. b4 cxb4 29. Bxe6 fxe6 30. cxb4 Rd5 31. bxa5 bxa5 32. Rh4 h6 33. Rg4 g5 34. Kc3 Rf5 35. Kd4 Rxf3 36. h4 Kf6 37. hxg5+ hxg5 38. Kc5 Rxf2 39. Kb6 Rf4 0-1

[Event "Chigorin Memorial 25th"]
[Site "St Petersburg"]
[Date "2017.10.25"]
[Round "5"]
[White "Nikitenko, Mihail"]
[Black "Hakobyan, Hovhannes H"]
[Result "1/2-1/2"]
[WhiteElo "2376"]
[BlackElo "2212"]
[PlyCount "62"]
[EventDate "2017.10.21"]
[EventType "swiss"]
[EventRounds "9"]
[EventCountry "RUS"]
[SourceTitle "CBM 181 Extra"]
[Source "ChessBase"]
[SourceDate "2017.12.12"]
[SourceVersion "1"]
[SourceVersionDate "2017.12.12"]
[SourceQuality "1"]

1. e4 e6 2. d4 d5 3. Nd2 c5 4. exd5 Qxd5 5. Ngf3 cxd4 6. Bc4 Qd8 7. 0-0 Nf6 8. Nb3 Nc6 9. Qe2 Be7 10. Rd1 0-0 11. Nbxd4 Qc7 12. Bg5 a6 13. a4 Bd7 14. c3 Rad8 15. Bb3 Nxd4 16. Nxd4 Rfe8 17. Bc2 e5 18. Nf5 Bxf5 19. Bxf5 Nd5 20. Bxe7 Nxe7 21. Bc2 g6 22. h4 Nd5 23. g3 e4 24. Rd4 e3 25. Rad1 exf2+ 26. Qxf2 Re3 27. Rxd5 Rxg3+ 28. Kh1 Rh3+ 29. Kg1 Rg3+ 30. Kh1 Rh3+ 31. Kg1 Rg3+ 1/2-1/2

[Event "Poti op 12th"]
[Site "Poti"]
[Date "2017.07.18"]
[Round "5"]
[White "Sattarov, Bobir"]
[Black "Hakobyan, Hovhannes H"]
[Result "1-0"]
[WhiteElo "2383"]
[BlackElo "2220"]
[PlyCount "37"]
[EventDate "2017.07.14"]
[EventType "swiss"]
[EventRounds "9"]
[EventCountry "GEO"]
[SourceTitle "CBM 179 Extra"]
[Source "ChessBase"]
[SourceDate "2017.08.23"]
[SourceVersion "1"]
[SourceVersionDate "2017.08.23"]
[SourceQuality "1"]

1. e4 c5 2. Nf3 Nc6 3. d4 cxd4 4. Nxd4 g6 5. Nc3 Bg7 6. Be3 Nf6 7. Nxc6 bxc6 8. e5 Ng8 9. Bd4 Qa5 10. Bc4 Bxe5 11. 0-0 Nh6 12. Re1 f6 13. Ne4 Kf8 14. Nxf6 d6 15. Bxe5 dxe5 16. Qc1 Kg7 17. Nh5+ gxh5 18. Qg5+ Kf8 19. Qxh6+ 1-0

[Event "Poti op 12th"]
[Site "Poti"]
[Date "2017.07.15"]
[Round "2"]
[White "Hakobyan, Hovhannes H"]
[Black "Tutisani, Noe"]
[Result "0-1"]
[WhiteElo "2220"]
[BlackElo "2383"]
[PlyCount "64"]
[EventDate "2017.07.14"]
[EventType "swiss"]
[EventRounds "9"]
[EventCountry "GEO"]
[SourceTitle "CBM 179 Extra"]
[Source "ChessBase"]
[SourceDate "2017.08.23"]
[SourceVersion "1"]
[SourceVersionDate "2017.08.23"]
[SourceQuality "1"]

1. e4 c5 2. Nf3 e6 3. Nc3 a6 4. d4 cxd4 5. Nxd4 b5 6. Bd3 Bb7 7. 0-0 Qc7 8. a3 Nf6 9. Re1 Nc6 10. Nxc6 Qxc6 11. Bg5 Be7 12. Qf3 h6 13. Be3 Qc7 14. Qg3 Qxg3 15. hxg3 Ng4 16. Bd4 f6 17. Rad1 Ne5 18. f4 Nxd3 19. Rxd3 g6 20. Kf2 Rc8 21. Red1 h5 22. Ba7 Rh7 23. Rh1 a5 24. Nxb5 Rxc2+ 25. Ke3 Bc6 26. Nd4 Rxg2 27. Kf3 Rxb2 28. Rc1 Bb7 29. Rc7 f5 30. Rdc3 fxe4+ 31. Ke3 h4 32. g4 h3 0-1

[Event "Yerevan Asrian Memorial 10th"]
[Site "Yerevan"]
[Date "2017.06.24"]
[Round "4"]
[White "Vignesh, NR."]
[Black "Hakobyan, Hovhannes H"]
[Result "1-0"]
[WhiteElo "2450"]
[BlackElo "2196"]
[PlyCount "51"]
[EventDate "2017.06.21"]
[EventType "swiss"]
[EventRounds "9"]
[EventCountry "ARM"]
[SourceTitle "EXT 2018"]
[Source "ChessBase"]
[SourceDate "2017.10.13"]
[SourceVersion "1"]
[SourceVersionDate "2017.10.13"]
[SourceQuality "1"]

1. e4 e6 2. d4 d5 3. Nd2 Nf6 4. e5 Nfd7 5. c3 c5 6. Ngf3 Nc6 7. Bd3 f6 8. exf6 Nxf6 9. 0-0 cxd4 10. cxd4 Bd6 11. Re1 0-0 12. Nf1 Qb6 13. a3 a5 14. Rb1 Bd7 15. Be3 Rae8 16. Ne5 Ne7 17. Bg5 Bc6 18. Ng3 Ne4 19. Bxe4 dxe4 20. Bxe7 Rxe7 21. Nxc6 Qxc6 22. Nxe4 Qd5 23. Rc1 Rd7 24. Qg4 Rf4 25. Rc8+ Kf7 26. Ng5+ 1-0

[Event "Yerevan Asrian Memorial 10th"]
[Site "Yerevan"]
[Date "2017.06.22"]
[Round "2"]
[White "Hakobyan, Hovhannes H"]
[Black "Gokbulut, Julia"]
[Result "1-0"]
[WhiteElo "2196"]
[BlackElo "1997"]
[PlyCount "95"]
[EventDate "2017.06.21"]
[EventType "swiss"]
[EventRounds "9"]
[EventCountry "ARM"]
[SourceTitle "EXT 2018"]
[Source "ChessBase"]
[SourceDate "2017.10.13"]
[SourceVersion "1"]
[SourceVersionDate "2017.10.13"]
[SourceQuality "1"]

1. e4 c5 2. Nf3 e6 3. Nc3 a6 4. d4 cxd4 5. Nxd4 Qc7 6. Qf3 Nc6 7. Be3 Nf6 8. 0-0-0 Bb4 9. Nxc6 Bxc3 10. Nd4 Bb4 11. Bf4 e5 12. Bh6 Bf8 13. Nf5 Nxe4 14. Bxg7 Bxg7 15. Nxg7+ Kf8 16. Qxe4 Kxg7 17. Qg4+ Kf8 18. Qb4+ Ke8 19. Bc4 b5 20. Bd5 Rb8 21. Rhe1 d6 22. f4 Bf5 23. Bb3 Rd8 24. fxe5 d5 25. a4 Qc6 26. Qf4 Be6 27. Re3 Rg8 28. Rc3 Qd7 29. Rg3 Rg6 30. c3 Rc8 31. Rd4 Rc4 32. Bxc4 bxc4 33. b3 a5 34. Rxg6 hxg6 35. Qf6 Qb7 36. Rh4 Kd7 37. Rh8 Qb6 38. Qg5 cxb3 39. Qd2 Qc5 40. Kb2 Qc4 41. Qd4 Kc6 42. Rb8 Qc5 43. Qxc5+ Kxc5 44. Rb5+ Kc4 45. Rxa5 d4 46. cxd4 Kxd4 47. Rb5 Bd7 48. Kxb3 1-0